| Tag |
First Indicator |
Second Indicator |
Subfields |
| LEADER |
00000cam a2200000 4500 |
| 001 |
in00001908388 |
| 006 |
m | d | |
| 007 |
cr |n||||||||n |
| 008 |
831012s1765 enk|||| s 00| ||lat d |
| 005 |
20260403183054.3 |
| 035 |
|
|
|a (CStRLIN)ESTCT145545
|
| 040 |
|
|
|a Uk-ES
|c Uk-ES
|d Cu-RivES
|d CStRLIN
|d Thomson Gale
|d UtOrBLW
|
| 100 |
1 |
|
|a Wallis, John,
|d 1616-1703.
|
| 245 |
1 |
0 |
|a Ioannis Wallisii Grammatica linguae Anglicanae :
|b Cui praefigitur, de loquela; sive de sonorum omnium loquelarium formatione: ... Editio sexta. Accessit epistola ad Thomam Beverley; ...
|
| 246 |
3 |
|
|a Grammatica linguae Anglicanae
|
| 264 |
|
1 |
|a Londini :
|b Excudebat Guil. Bowyer. Prostant apud A. Millar,
|c 1765.
|
| 300 |
|
|
|a xxxv, 1 unnumbered page, 281, 3 unnumbered pages, plate :
|b portrait ;
|c 8⁰.
|
| 336 |
|
|
|a text
|b txt
|2 rdacontent
|
| 337 |
|
|
|a computer
|b c
|2 rdamedia
|
| 338 |
|
|
|a online resource
|b cr
|2 rdacarrier
|
| 500 |
|
|
|a With a final advertisement leaf for A. Millar.
|
| 500 |
|
|
|a Reproduction of original from the British Library.
|
| 510 |
4 |
|
|a Alston,
|c I.20
|
| 510 |
4 |
|
|a English Short Title Catalog,
|c ESTCT145545.
|
| 533 |
|
|
|a Electronic reproduction.
|b Farmington Hills, Mich. :
|c Thomson Gale,
|d 2003.
|n Available via the World Wide Web.
|n Access limited by licensing agreements
|7 s2003 miunns
|
| 500 |
|
|
|a Electronic resource.
|
| 830 |
|
0 |
|a Eighteenth century collections online.
|
| 856 |
4 |
0 |
|u http://proxy.library.tamu.edu/login?url=https://galenet.galegroup.com/servlet/ECCO?c=1&stp=Author&ste=11&af=BN&ae=T145545&tiPG=1&dd=0&dc=flc&docNum=CW117113487&vrsn=1.0&srchtp=a&d4=0.33&n=10&SU=0LRK&locID=txshracd2898
|z Full text online
|t 0
|
| 999 |
|
|
|a MARS
|
| 999 |
f |
f |
|s 2a51955c-3005-37f1-a188-5c0b2f847191
|i e6259926-7190-33bc-bb6e-b0ed1fa96f62
|t 0
|
| 952 |
f |
f |
|a Texas A&M University
|b College Station
|c Electronic Resources
|s www_evans
|d Available Online
|t 0
|h No information provided
|
| 998 |
f |
f |
|t 0
|l Available Online
|